[Event "Challenge"]
[Site "http://www.queenalice.com/game.php?id=676486"]
[Date "2009.11.2"]
[Round "-"]
[White "stalin_87"]
[Black "RJGF"]
[Result "1-0"]
[WhiteElo "1756"]
[BlackElo "1660"]

1. d4 d5 2. c4 c6 3. Nc3 Nf6 4. Nf3 e6 5. Bg5 Bb4 6. Qb3 Qa5 7. Bd2 O-O 8. c5
Nbd7 9. a3 Bxc3 10. Bxc3 Qb5 11. Qxb5 cxb5 12. e3 a6 13. Bd3 Re8 14. O-O Nf8 15.
Ba5 Ng6 16. Bxg6 fxg6 17. Ne5 Nd7 18. Nd3 e5 19. Bc7 exd4 20. exd4 Nf6 21. Rfe1
Rxe1+ 22. Rxe1 Bf5 23. Nf4 Ne4 24. f3 1-0

[Event "Challenge"]
[Site "http://www.queenalice.com/game.php?id=676488"]
[Date "2009.11.2"]
[Round "-"]
[White "RJGF"]
[Black "stalin_87"]
[Result "0-1"]
[WhiteElo "1673"]
[BlackElo "1743"]

1. e4 c6 2. Nf3 d5 3. exd5 cxd5 4. d4 Nc6 5. Bb5 Bd7 6. O-O Qb6 7. a4 g6 8. Re1
Bg7 9. c3 a6 10. Bd3 Nf6 11. Nbd2 O-O 12. Qb3 Qxb3 13. Ne5 Qb6 14. Nxc6 Qxc6 15.
Rxe7 Rfe8 16. Rxe8+ Rxe8 17. Kf1 Qe6 18. Nf3 Qb6 19. b4 Ne4 20. Bxe4 Rxe4 21. a5
Qb5+ 22. Kg1 Bg4 23. Bd2 Bxf3 0-1

[Event "Challenge"]
[Site "http://www.queenalice.com/game.php?id=692735"]
[Date "2009.12.4"]
[Round "-"]
[White "Warley"]
[Black "stalin_87"]
[Result "0-1"]
[WhiteElo "1980"]
[BlackElo "1770"]

1. d4 Nf6 2. c4 g6 3. Nc3 Bg7 4. e4 c6 5. e5 Nh5 6. g4 Nf6 7. exf6 Bxf6 8. Bg2
e6 9. Bh6 g5 10. Nf3 Rg8 11. Ne4 Rg6 12. Nxf6+ Qxf6 13. Bxg5 Rxg5 14. Nxg5 Qxg5
15. h4 Qf4 16. O-O d5 17. cxd5 exd5 0-1

[Event "Challenge"]
[Site "http://www.queenalice.com/game.php?id=694768"]
[Date "2009.12.8"]
[Round "-"]
[White "extermination"]
[Black "stalin_87"]
[Result "1-0"]
[WhiteElo "1782"]
[BlackElo "1758"]

1. e4 c6 2. d4 d5 3. e5 Bf5 4. Bd3 Bxd3 5. Qxd3 f6 6. Nf3 Nd7 7. exf6 exf6 8.
Nbd2 Qe7+ 9. Qe3 Qxe3+ 10. fxe3 O-O-O 11. Nb3 Nh6 12. Bd2 Bd6 13. a3 Rhe8 14.
Nc5 Nxc5 15. dxc5 Bxc5 16. O-O Nf5 17. b4 Bxe3+ 18. Bxe3 Nxe3 19. Rfe1 Nxc2 20.
Rxe8 Rxe8 21. Ra2 Nd4 22. Nxd4 Re4 23. Nf5 g6 24. Nd6+ 1-0

[Event "Challenge"]
[Site "http://www.queenalice.com/game.php?id=703699"]
[Date "2009.12.26"]
[Round "-"]
[White "stalin_87"]
[Black "thedead"]
[Result "1-0"]
[WhiteElo "1768"]
[BlackElo "1088"]

1. d4 d5 2. c4 e6 3. Nc3 h6 4. Nf3 Nf6 5. e4 dxe4 6. Ne5 c6 7. Be3 Be7 8. f3
exf3 9. Nxf3 O-O 10. Bd3 Nbd7 11. O-O c5 12. Ne2 b6 13. dxc5 bxc5 14. Ng3 Bb7
15. Nh4 1-0

[Event "AUTO-ADV-1525"]
[Site "http://www.queenalice.com/game.php?id=733854"]
[Date "2010.2.18"]
[Round "2"]
[White "stalin_87"]
[Black "Aguinaldo"]
[Result "0-1"]
[WhiteElo "1758"]
[BlackElo "1801"]

1. d4 e6 2. e4 Bb4+ 3. c3 Be7 4. Nf3 Nf6 5. e5 Nd5 6. Bd3 b6 7. O-O Bb7 8. Na3
Bxa3 9. bxa3 Nxc3 10. Qc2 Bxf3 11. gxf3 Nd5 12. Bxh7 g6 13. Bxg6 Rg8 14. Kh1
Rxg6 15. f4 Nc6 16. f5 Nxd4 17. Qa4 Nxf5 0-1

[Event "AUTO-ADV-1525"]
[Site "http://www.queenalice.com/game.php?id=733855"]
[Date "2010.2.18"]
[Round "2"]
[White "Aguinaldo"]
[Black "stalin_87"]
[Result "1-0"]
[WhiteElo "1786"]
[BlackElo "1773"]

1. e4 e5 2. Nf3 Nc6 3. Bb5 a6 4. Bxc6 bxc6 5. d4 exd4 6. Qxd4 d5 7. exd5 Qxd5 8.
O-O Bc5 9. Qe5+ Qxe5 10. Nxe5 Bf5 11. Nxc6 Bxc2 12. Re1+ Ne7 13. Nxe7 Bxe7 14.
Na3 Bf5 15. Bf4 Kd8 16. Rad1+ Bd7 17. Bxc7+ Kxc7 18. Rxe7 Rad8 19. Rxf7 g6 20.
Nc4 Kc8 21. Nb6+ 1-0

[Event "AUTO-ADV-1525"]
[Site "http://www.queenalice.com/game.php?id=733856"]
[Date "2010.2.18"]
[Round "2"]
[White "stalin_87"]
[Black "RonB52734"]
[Result "0-1"]
[WhiteElo "1783"]
[BlackElo "1926"]

1. e4 e5 2. Nf3 Nc6 3. Bb5 a6 4. Ba4 Nf6 5. Nc3 Be7 6. O-O b5 7. Bb3 d6 8. d4
Nxd4 9. Nxd4 exd4 10. Qxd4 c5 11. Qd2 c4 12. e5 dxe5 13. Qxd8+ Bxd8 14. Bxc4
bxc4 15. Re1 O-O 16. Rxe5 Re8 17. Rxe8+ Nxe8 18. Bf4 Nf6 19. Rd1 Be6 20. h3 Ba5
21. Na4 Rd8 22. Rxd8+ Bxd8 23. Nc5 a5 24. Kh2 Bb6 25. Be3 Bxc5 26. Bxc5 a4 27.
c3 Ne4 28. Be3 Kf8 29. g4 f6 30. Kg2 h6 31. f4 g5 0-1

[Event "AUTO-ADV-1525"]
[Site "http://www.queenalice.com/game.php?id=733857"]
[Date "2010.2.18"]
[Round "2"]
[White "RonB52734"]
[Black "stalin_87"]
[Result "1-0"]
[WhiteElo "1915"]
[BlackElo "1794"]

1. d4 Nf6 2. c4 g6 3. Nc3 d5 4. cxd5 Nxd5 5. e4 Nxc3 6. bxc3 Bg7 7. Nf3 O-O 8.
Be2 Nc6 9. Rb1 e5 10. d5 Na5 11. Ba3 Re8 12. Bb4 c6 13. Qa4 b6 14. dxc6 Bf8 15.
Bxf8 Kxf8 16. Bb5 Qc7 17. Bc4 Qxc6 18. Qxc6 Nxc6 19. Ng5 Re7 20. Nxh7+ Kg7 21.
Ng5 Nd8 22. O-O Bb7 23. Rfd1 Kf6 24. Nf3 Bxe4 25. Bd5 Bxd5 26. Rxd5 e4 27. Nd4
Nb7 28. Kf1 Nc5 29. Ne2 1-0